00666cam a22002171a 450000100060000000300080000600500170001400800390003103500190007003500180008904000270010704100080013408200220014210000510016424501020021526000430031730000200036060000210038060000240040170000230042531395BD-RjUL20211209051709.0140415s1964 enk 000 0 eng a(BD-RjUL)31482 a(OCoLC)257016 aDLCcOAUdBD-RjULbeng aeng00a821.912bRIW 19641 aRichards, I. A.q(Ivor Armstrong),d1893-1979.10aWhy so, Socrates? :ba dramatic version of Plato's Dialogues: Euthyphro, Apology, Crito, Phaedo / aCambridge :bUniversity Press,cc1964. a57 p. ;c22 cm.00aSocratesxDrama.00aPlatoxAdaptations.0 aPlato.tDialogues.